| 000 | 00885nam a22002535a 4500 | ||
|---|---|---|---|
| 006 | a||||f ||z| 00| 0 | ||
| 008 | 100907t2000 -usa|||fr|||| 001 0 eng d | ||
| 010 | _a00100074 | ||
| 020 | _a0789723557 (paperback : alk. paper) | ||
| 020 | _a9780789723550 | ||
| 040 |
_aEG-ScBUE _beng _cEG-ScBUE |
||
| 082 | 0 | 0 |
_a005.44769 _bElD _222 |
| 100 | 1 |
_aEl-Dirghami, Nazeeh Amin _918601 |
|
| 245 | 1 | 0 |
_aSuSE Linux installation and configuration handbook / _cNazeeh Amin El-Dirghami, Youssef A. Abu Kwaik. |
| 260 |
_aIndianapolis : _bQue, _cc.2000. |
||
| 300 |
_axx, 756 p. : _bill. ; _c23 cm. + _e1 computer optical disc (4 3/4 in.) |
||
| 500 | _aIndex : p. 705-756. | ||
| 590 | _ayassmeen ashraf | ||
| 650 | 0 |
_aOperating systems (Computers) _918602 _2BUEsh |
|
| 651 | _2BUEsh | ||
| 653 |
_bCOMSCI _cAugust2015 |
||
| 700 | 1 |
_aKwaik, Youssef A. Abu. _918603 |
|
| 942 |
_cBB _k005.44769 ElD _2ddc |
||
| 999 |
_c559 _d559 |
||